000 00539nam a2200193Ia 4500
005 20250508153449.0
008 008 250505s9999 xx 000 0 eng d
037 _aTextual
040 _aFEDL
_beng
_cFEDL
041 _aeng
_2eng
084 _a301, SOR
_qFEDL
100 _aSorokin Pitirim A.
245 0 _aCrisis of our age : The social and cultrual outlook
260 _aNew York, USA
_bE. P. Dutton and Co.
_c1941
300 _a338p.
650 _aSociology
942 _cTEXL
_h301, SOR
999 _c1343050
_d1343050